Guess the StarCraft 2 Unit - Statistics

General Stats
  • This quiz has been taken 34 times
  • The average score is 53 of 61
Answer Stats
Picture Answer % Correct
Dark Templar
100%
Ghost
100%
High Templar
100%
Hydralisk
100%
Larva
100%
Marine
100%
Mothership
100%
Overlord
100%
Queen
100%
Roach
100%
Thor
100%
Ultralisk
100%
Viking
100%
Void Ray
100%
Zealot
100%
Zergling
100%
Adept
93%
Baneling
93%
Banshee
93%
Battlecruiser
93%
Brood Lord
93%
Colossus
93%
Drone
93%
Hellion
93%
Immortal
93%
Medivac
93%
MULE
93%
Overseer
93%
Phoenix
93%
Raven
93%
Sentry
93%
Siege Tank
93%
Widow Mine
93%
Archon
87%
Carrier
87%
Infestor
87%
Liberator
87%
Lurker
87%
Marauder
87%
Mutalisk
87%
Nydus Worm
87%
Probe
87%
Reaper
87%
SCV
87%
Stalker
87%
Swarm Host
87%
Cyclone
80%
Hellbat
80%
Observer
80%
Viper
80%
Auto-Turret
73%
Corruptor
73%
Oracle
73%
Tempest
73%
Warp Prism
73%
Broodling
60%
Locust
60%
Ravager
60%
Changeling
53%
Disruptor
53%
Cocoon
33%
No matching quizzes found
Score Distribution
Percent of People with Each Score
Percentile by Number Answered
Your Score History
You have not taken this quiz